Comunicación y educación en la sociedad de la información: nuevos lenguajes y conciencia crítica

Saved in:
Bibliografiske detaljer
Hovedforfatter: Pérez Tornero, José Manuel (Author)
Format: Bog
Sprog:spansk
Udgivet: Barcelona Paidós Ibérica 2000
Serier:Papeles de Comunicación, 27
Fag:
Tags: Tilføj Tag
Ingen Tags, Vær først til at tagge denne postø!

MARC

LEADER 00000nam a2200000 a 4500
001 UCM4832
003 CL-VaPUC
008 020906e20000000SP |||||||||||||||||spa|d
082 0 4 |a 306.46  |b PER  |2 21 
100 0 |a Pérez Tornero, José Manuel  |e author  |9 471247 
245 1 0 |a Comunicación y educación en la sociedad de la información: nuevos lenguajes y conciencia crítica 
300 |a 253 p 
942 |c BK 
945 |d 20020906 00:00:00  |a cmena 
260 |a Barcelona  |b Paidós Ibérica  |c 2000 
650 0 |a Sociología de la educación   |9 260380 
650 0 |a Globalización  |9 361930 
650 7 |a EDUCACION Y DESARROLLO  |2 CL-VaPUC  |9 324696 
650 0 |a Sociedad de la información   |9 417579 
650 0 |a Medios de comunicación  |9 257206 
583 |a last modification  |c 20020906 00:00:00  |k Rodrigo Vera 
490 0 |a Papeles de Comunicación, 27 
999 |c 301295  |d 301293 
952 |0 0  |1 0  |4 0  |6 306_460000000000000_PER_2000  |7 0  |8 A  |9 360124  |a BIBEDU  |b BIBEDU  |d 2019-11-21  |i 3832996  |o 306.46 PER 2000  |p 3832996  |r 2019-11-21  |w 2019-11-21  |y BK  |k EDU